00396nam a2200133 a 450000500170000000800410001702000150005805000240007310000260009724500690012326000370019230000210022965000120025020140310183322.0060308s19uu xx 00 eng d a0553572539 aPS 3554b.D676 1995 aDonaldson, Stephen R. aThe gap into madness :bchaos and order /cStephen R. Donaldson. aNew York :bBantam Books,c1995. a674 p. :c18 cm. aFiction